000 00660cam a2200205 4500500
005 20260329004432.0
041 _afre
042 _adc
245 0 0 _aLe Venin dans la plume. Édouard Drumont, Éric Zemmour et la part sombre de la République
260 _c2019.
500 _a9
690 _aAntisémitisme
690 _aÉric Zemmour
690 _aExtrême droite
690 _aGérard Noiriel
690 _aHistoire
690 _aIslamophobie
786 0 _nPhilosophie magazine | 134 | 11 | 2019-11-01 | p. 65-65 | 1951-1787
856 4 1 _uhttps://shs.cairn.info/magazine-philosophie-magazine-2019-11-page-65?lang=fr&redirect-ssocas=7080
999 _c1833825
_d1833825